Statistiques concernant Paroles chanson Decrescendo de Lomepal

Cliquez ici pour prendre le quiz!

Statistiques générales

  • Ce quiz a été pris 341 fois
  • Le résultat moyen est 321 sur 423

Statistiques - réponses

Paroles% Correct
s'
99%
c'
98%
C'
98%
d'
98%
t'
98%
de
97%
l'
97%
M'
97%
m'
97%
qu'
97%
à
96%
J'
96%
j'
96%
Ma
96%
ma
96%
et
95%
Et
95%
elle
93%
je
93%
Je
93%
le
93%
Il
92%
il
92%
au
91%
n'
91%
sa
91%
un
91%
là,
90%
la
90%
me
90%
Tout
90%
tout
90%
les
89%
Les
89%
Mon
89%
mon
89%
moi
88%
veux
88%
en
87%
que
87%
decrescendo,
86%
decrescendo
86%
est
86%
va
85%
ressente
84%
on
83%
suis
83%
Dieu,
82%
des
81%
manque
81%
pas
81%
quelqu'
79%
Plus
78%
plus
78%
sang
78%
ce
77%
voir,
77%
voir
77%
autre
76%
jusqu'
76%
Jusqu'
76%
éteint
75%
Oh,
75%
oh -
75%
Oh
75%
oh
75%
tâché
75%
avoir
74%
bientôt
73%
bientôt,
73%
Bientôt
73%
faute
73%
pull
73%
passer
72%
avec
71%
comme
71%
ensemble
71%
sanglots
71%
irai
70%
irais
70%
mains
70%
prisonnier
70%
chez
69%
garde
69%
mois
69%
sans
69%
trop
69%
italien,
68%
seront
68%
Terre
68%
arrêtera
67%
moins
67%
prochains
67%
couteau
66%
malheureux
66%
sûr,
66%
sur
66%
jamais
65%
bave
64%
fin
64%
kilos
64%
parlerai
64%
peinture
64%
rien
64%
senti
64%
ai
63%
créatif
63%
dire
63%
marteau,
63%
affichera
62%
aurai
62%
balance
62%
moches
62%
peau
61%
Sculpture
61%
secret
61%
vais
60%
Ah,
59%
Ah
59%
autant
59%
dix
59%
occuper
59%
aucun
58%
mort,
57%
deuil
56%
graver
56%
soleil
56%
colère,
54%
Demain,
54%
désolé
54%
enfin
51%
Increvable
50%
perdre,
50%
qui
48%
Mais
45%
du
44%
si
44%
pour
41%
quelle
39%
Quelle
39%
une
39%
faire
38%
ça
36%
ironie
35%
nuit
35%
sais
35%
mes
34%
joue
33%
mélodies
32%
pires
32%
aiguilles
31%
disque,
31%
horloge
31%
fille -
30%
reste
30%
resté
30%
seule
29%
cette
28%
éjecter
28%
molaires
28%
monde
28%
Dans
27%
demande
27%
était
27%
étincelles
27%
font
27%
marchait
27%
mémoire
26%
ouais,
26%
aider,
25%
essaye
25%
fixer
25%
Juste
25%
sens
25%
drogue
24%
pourrait
24%
silence,
23%
bruit
22%
repart
22%
éperdument
21%
perdu
21%
saurais
21%
déraille
20%
désirée
20%
recherche
20%
interviewe,
19%
tellement
19%
maintenant
18%
Okay,
16%

Distribution des résultats

Percentile par nombre de réponses

% des personnes avec chaque résultat

Votre développement - résultats

Vous n’avez pas pris ce quiz